MARC

LEADER 00000nam0a2200000 4500
001 278304
005 20260414114030.0
035 |a (RuTPU)RU\TPU\book\301581 
090 |a 278304 
100 |a 20141210d1986 m y0rusy50 ca 
101 0 |a rus 
102 |a RU 
105 |a y j 001zy 
200 1 |a Практикум по программированию  |f  О. Г. Долматова, Н. Б. Моисеенко, Г. И. Шкатова  |g Томский политехнический институт (ТПИ) 
210 |a Томск  |c Изд-во ТПИ  |d 1986 
215 |a 95 с. 
320 |a Библиогр.: с. 94 
606 1 |a Математическое программирование  |x (математика)  |2 stltpush  |3 (RuTPU)RU\TPU\subj\41243  |9 61049 
610 1 |a практикумы 
610 1 |a алгоритмы 
610 1 |a программы 
610 1 |a переменные 
610 1 |a циклические процессы 
610 1 |a учебные пособия 
610 1 |a труды учёных ТПУ 
675 |a 519.85(076.5)  |v 4 
700 1 |a Долматова  |b О. Г.  |c экономист  |c старший преподаватель Томского политехнического университета  |f 1945-  |g Ольга Георгиевна  |3 (RuTPU)RU\TPU\pers\27772  |9 12833 
701 1 |a Моисеенко  |b Н. Б.  |g Нина Борисовна 
701 1 |a Шкатова  |b Г. И.  |c специалист в области прикладной математики  |c доцент Томского политехнического университета, кандидат технических наук  |f 1945-  |g Галина Ивановна  |3 (RuTPU)RU\TPU\pers\25415  |9 11357 
712 0 2 |a Томский политехнический институт (ТПИ)  |c (1944-1991)  |3 (RuTPU)RU\TPU\col\1123 
801 1 |a RU  |b 63413507  |c 20141210 
801 2 |a RU  |b 63413507  |c 20180111  |g RCR 
942 |c BK